000 01444pam a2200409 i 4500
001 1233267157
003 DLC
005 20210910162318.0
008 210318s2021 nyua a 000 1 eng
010 _a 2021008634
020 _a9781324015666
_q(hbk.)
035 _a(OCoLC)1233267157
040 _aDLC
_beng
_erda
_cDLC
_dTnLvILS
042 _apcc
_alcac
092 _aE Harris
100 1 _aHarris, Shawn
_c(Artist),
_eauthor,
_eillustrator.
_95956599
245 1 0 _aDoing business /
_cShawn Harris.
250 _aFirst edition.
264 1 _aNew York, NY :
_bNorton Young Readers, an imprint of W. W. Norton & Company,
_c[2021]
300 _a1 volume (unpaged) :
_bcolor illustrations ;
_c23 x 24 cm.
336 _atext
336 _astill image
337 _aunmediated
338 _avolume
520 _aEveryone becomes a suspect when bathroom business is done in the wrong place.
521 _aAges 3-6.
_bNorton Young Readers.
650 0 _aToilet training
_vJuvenile fiction.
_95706058
650 0 _aFeces
_vJuvenile fiction.
_96393964
650 0 _aAnimals
_vJuvenile fiction.
_95678723
650 1 _aToilet training
_vFiction.
_95774752
650 1 _aFeces
_vFiction.
_96426859
650 1 _aDefecation
_vFiction.
_96366501
650 1 _aAnimals
_vFiction.
_95678722
655 7 _aPicture books.
_2lcgft.
907 _a.b452818795
942 _2ddc
_cBOOK
999 _c364729
_d364729